000 00784nam a2200205Ia 4500
005 20241216011324.0
008 190429s9999||||xx |||||||||||||| ||und||
082 _a618.75
_bP32
100 _aPAYANO YAURI, GABY JUSTA, PECHO INGA JHINA EDITH
245 0 _aINCIDENCIA DE LOS FACTORES DE RIESGO PARA DESARROLLAR PREECLAMSIA EN LAS PARTURIENTAS ATENDIDAS EN EL SERVICIO DE GINECO OBSTETRICIA DEL HOSPITAL DE APOYO MARIA AUXILIADORA LIMA ENERO DEL 2002 A DICIEMBRE DEL 2004
250 _a0
260 _aCERRO DE PASCO-PERU
_bUNDAC
_c2006
300 _a80 pag.
_c30 cm.
341 _h0
490 _v0
_a0
505 _aMETODOLOGIA/RESULTADOS/DISCUSION/CONCLUSIONES/RECOMENDACIONE
541 _aD
_bPAYANO YAURI, GABY J.
_d21-Aug-06
_oSoles
650 _aObstetricia
942 _cTESIS
999 _c38738
_d38738